Corporate Futures : The diffusion of the culturally sensitive corporate form = Futuro corporativo: la difusión de la sensibilidad cultural como una forma corporativa /
Na minha lista:
| Autor principal: | |
|---|---|
| Formato: | Desconhecido |
| Idioma: | English |
| Publicado em: |
Chicago :
The University of Chicago Press,
1992.
|
| Assuntos: | |
| Tags: |
Adicionar Tag
Sem tags, seja o primeiro a adicionar uma tag!
|
MARC
| LEADER | 000000000a22000000004500 | ||
|---|---|---|---|
| 001 | 013701 | ||
| 020 | |a 0-226-50453-0 | ||
| 041 | 0 | |a eng | |
| 082 | 0 | 4 | |a 306 M317c |
| 100 | 1 | |a Marcus, George | |
| 245 | 1 | 0 | |a Corporate Futures : |b The diffusion of the culturally sensitive corporate form = Futuro corporativo: la difusión de la sensibilidad cultural como una forma corporativa / |c George Marcus. |
| 246 | 3 | 1 | |a Futuro corporativo: la difusión de la sensibilidad cultural como una forma corporativa |
| 260 | 1 | |a Chicago : |b The University of Chicago Press, |c 1992. | |
| 300 | |a 353 páginas | ||
| 650 | 4 | |a CULTURA CORPORATIVA | |
| 650 | 4 | |a ESTUDIOS CULTURALES | |
| 650 | 4 | |a MULTICULTURALISMO | |
| 650 | 4 | |a EMPRESAS COMERCIALES INTERNACIONALES | |
| 650 | 4 | |a ANTROPOLOGIA CULTURAL | |
| 500 | |a Colección George Yúdice | ||
| 999 | |c 19616 |d 19616 | ||
| 942 | |c BK |h 306 M317c |2 z | ||



